| 000 | 00720nam a2200229Ia 4500 | ||
|---|---|---|---|
| 003 | GCL | ||
| 005 | 20240530104933.0 | ||
| 008 | 140319s9999 xx 000 0 ara d | ||
| 040 |
_aGCL / _cGCL |
||
| 082 | 0 | 4 |
_a939.44 _bك ح |
| 100 | 1 | _aكونتنو ، ج | |
| 245 | 1 | 0 |
_aالحضارة الفينيقية / _cكونتنو ، ج |
| 300 | _a478 ص | ||
| 490 |
_aالالف كتاب الثانى _v0 |
||
| 650 | 0 | 4 | _aالفينيقيون |
| 650 | 0 | 4 | _aالحضارة القديمة |
| 650 | 0 | 4 | _aاليونان القديمة - تاريخ |
| 650 | 0 | 4 | _aالحضارة الفينيقية |
| 700 | 1 |
_aطه حسين _eمراجع |
|
| 700 | 1 |
_aمحمد عبدالهادى شعيرة _eمترجم |
|
| 942 |
_2ddc _cBK |
||
| 999 |
_c51905 _d51905 |
||